| 000 | 00713cam a2200205 4500500 | ||
|---|---|---|---|
| 005 | 20260111080413.0 | ||
| 041 | _afre | ||
| 042 | _adc | ||
| 100 | 1 | 0 |
_aKeszler, Gabor _eauthor |
| 700 | 1 | 0 |
_aLequéré-Pluchon, Morgane _eauthor |
| 245 | 0 | 0 | _aRetour sur 10 ans de gestion budgétaire du Compte d’affectation spéciale Pensions |
| 260 | _c2020. | ||
| 500 | _a62 | ||
| 690 | _afinances sociales | ||
| 690 | _agestion budgétaire | ||
| 690 | _aLOLF | ||
| 690 | _arégime de retraites | ||
| 786 | 0 | _nGestion & Finances Publiques | 2 | 2 | 2020-04-29 | p. 128-132 | 1969-1009 | |
| 856 | 4 | 1 | _uhttps://droit.cairn.info/revue-gestion-et-finances-publiques-2020-2-page-128?lang=fr&redirect-ssocas=7080 |
| 999 |
_c1616270 _d1616270 |
||